It's time for a breather (Record no. 76997)
[ view plain ]
| 000 -LEADER | |
|---|---|
| fixed length control field | 01450cab a2200217 4500 |
| 001 - CONTROL NUMBER | |
| control field | ##L133425 |
| 008 - FIXED-LENGTH DATA ELEMENTS--GENERAL INFORMATION | |
| fixed length control field | 060508n2006 000 0 eng u |
| 035 ## - SYSTEM CONTROL NUMBER | |
| System control number | (Sirsi) u133425 |
| 041 ## - LANGUAGE CODE | |
| Language code of text/sound track or separate title | eng |
| 100 ## - MAIN ENTRY--PERSONAL NAME | |
| Personal name | Edwards, Martin |
| 245 00 - TITLE STATEMENT | |
| Title | It's time for a breather |
| 260 ## - PUBLICATION, DISTRIBUTION, ETC. | |
| Date of publication, distribution, etc. | 2006 |
| 490 #0 - SERIES STATEMENT | |
| Series statement | Estates Gazette |
| Volume/sequential designation | (0615) 15 April 2006, 132(1) |
| 520 ## - SUMMARY, ETC. | |
| Summary, etc. | Argues that the planning system needs a period of consolidation after a period of comprehensive reform. Planning has evolved from having a simple regulatory role to being an increasingly complex system and the changes have not always improved the system. Asks whether the planning system can meet the major challenges such as the provision of sufficient new housing in the right places and at the right time. Suggests that the judgment is not encouraging in "Ensign Group Ltd v First Secretary of State", ([2006] EWHC 255 (Admin), L133424) where part of a sub-regional strategy was quashed as a result of the SoS conceding that he had misunderstood the panel's recommendation. Concludes that the jury is still out on whether the Planning and Compulsory Purchase Act 2004 reforms will be successful. |
| 650 24 - SUBJECT ADDED ENTRY--TOPICAL TERM | |
| Topical term or geographic name entry element | ENSIGN GROUP LTD V FIRST SOS |
| 650 24 - SUBJECT ADDED ENTRY--TOPICAL TERM | |
| Topical term or geographic name entry element | PLANNING AND COMPENSATION ACT 1991 |
| 650 24 - SUBJECT ADDED ENTRY--TOPICAL TERM | |
| Topical term or geographic name entry element | PLANNING AND COMPULSORY PURCHASE ACT 2004 |
| 690 ## - LOCAL SUBJECT ADDED ENTRY--TOPICAL TERM (OCLC, RLIN) | |
| Topical term or geographic name as entry element | ENVIRONMENTAL AND LAND CONSULTANCY-PLANNING AND DEVELOPMENT-DEVELOPMENT CONTROL |
| 700 1# - ADDED ENTRY--PERSONAL NAME | |
| Personal name | Martin, John |
| 942 ## - ADDED ENTRY ELEMENTS (KOHA) | |
| Suppress in OPAC | 0 |
| Withdrawn status | Lost status | Source of classification or shelving scheme | Damaged status | Not for loan | Home library | Current library | Shelving location | Date acquired | Total Checkouts | Full call number | Barcode | Date last seen | Copy number | Price effective from | Koha item type |
|---|---|---|---|---|---|---|---|---|---|---|---|---|---|---|---|
| Dewey Decimal Classification | London | London | Journal article | 08/05/2006 | L133425 | 133425-1001 | 06/08/2019 | 1 | 06/08/2019 | Journal article |